[Event "NZL-ch op 125th"]
[Site "Palmerston North"]
[Date "2018.01.01"]
[Round "1"]
[White "Li, William Xiang Wei"]
[Black "Gong, Daniel Hanwen"]
[Result "0-1"]
[WhiteElo "1958"]
[BlackElo "2272"]
[PlyCount "104"]
[EventDate "2018.01.01"]
[EventType "swiss"]
[EventRounds "9"]
[EventCountry "NZL"]
[SourceTitle "CBM 182 Extra"]
[Source "ChessBase"]
[SourceDate "2018.02.23"]
[SourceVersion "1"]
[SourceVersionDate "2018.02.23"]
[SourceQuality "1"]

1. d4 d6 2. e4 Nf6 3. Nc3 c6 4. Be3 Qa5 5. f3 e5 6. dxe5 dxe5 7. Bc4 b5 8. Bb3 Na6 9. a4 b4 10. Nb1 Nc5 11. Bc4 Be6 12. Nd2 Rd8 13. Qe2 Nfd7 14. Bxe6 Nxe6 15. Nc4 Qc7 16. Qf2 Bc5 17. Ne2 Bxe3 18. Qxe3 Nb6 19. Nxb6 axb6 20. 0-0 0-0 21. Rfd1 c5 22. c3 bxc3 23. Nxc3 Rxd1+ 24. Rxd1 Nd4 25. Nb5 Qc6 26. Qd3 Rd8 27. Nxd4 Qxa4 28. b3 Qxd4+ 29. Qxd4 Rxd4 30. Rc1 Kf8 31. Kf1 Rd3 32. Rb1 Rc3 33. Rb2 Ke7 34. Ke2 b5 35. Kd2 b4 36. Rc2 Rxb3 37. Rxc5 Rb2+ 38. Kc1 Rxg2 39. Rxe5+ Kf6 40. Rf5+ Ke6 41. Rh5 h6 42. f4 Rg4 43. Re5+ Kf6 44. Rf5+ Kg6 45. h3 Rg1+ 46. Kb2 Rh1 47. Kb3 Rxh3+ 48. Kxb4 Rf3 49. Kc4 f6 50. Kd5 h5 51. Ke6 h4 52. e5 Re3 0-1

[Event "Henderson Trusts op 39th"]
[Site "Henderson"]
[Date "2016.06.05"]
[Round "4"]
[White "Li, William Xiang Wei"]
[Black "Thornton, Giovanni Antonio"]
[Result "1/2-1/2"]
[WhiteElo "1962"]
[BlackElo "2166"]
[PlyCount "79"]
[EventDate "2016.06.04"]
[EventType "swiss"]
[EventRounds "6"]
[EventCountry "NZL"]
[SourceTitle "EXT 2018"]
[Source "ChessBase"]
[SourceDate "2017.10.13"]
[SourceVersion "1"]
[SourceVersionDate "2017.10.13"]
[SourceQuality "1"]

1. e4 e6 2. d4 d5 3. exd5 exd5 4. c4 Nf6 5. Nc3 Bb4 6. Nf3 0-0 7. Bd3 Bg4 8. 0-0 h6 9. a3 dxc4 10. Bxc4 Bd6 11. Nb5 Nc6 12. h3 Bh5 13. Nxd6 Qxd6 14. Be3 Rad8 15. b4 Ne7 16. g4 Bg6 17. Ne5 Nfd5 18. Qf3 c6 19. Rad1 Nc3 20. Rc1 Ncd5 21. Rcd1 Nc3 22. Rc1 Ncd5 23. Rfe1 Bh7 24. Bd3 Bxd3 25. Nxd3 Ng6 26. Ne5 Nxe3 27. Qxe3 Qxd4 28. Nxg6 Qxe3 29. Ne7+ Qxe7 30. Rxe7 Rd3 31. Rxb7 Rxa3 32. Rxc6 Rb3 33. Kg2 a5 34. b5 a4 35. Ra6 a3 36. b6 Rc8 37. Rc7 Rb8 38. b7 R8xb7 39. Rxb7 Rxb7 40. Rxa3 1/2-1/2

[Event "NZL-ch op 123rd"]
[Site "Auckland"]
[Date "2016.01.07"]
[Round "6"]
[White "Li, William Xiang Wei"]
[Black "Goodhue, Nathan"]
[Result "1/2-1/2"]
[WhiteElo "2030"]
[BlackElo "1990"]
[PlyCount "106"]
[EventDate "2016.01.02"]
[EventType "swiss"]
[EventRounds "9"]
[EventCountry "NZL"]
[SourceTitle "CBM 170 Extra"]
[Source "ChessBase"]
[SourceDate "2016.02.25"]
[SourceVersion "1"]
[SourceVersionDate "2016.02.25"]
[SourceQuality "1"]

1. d4 f5 2. Bg5 Nf6 3. Bxf6 exf6 4. e3 d5 5. Bd3 Bd6 6. Qf3 g6 7. h4 Be6 8. h5 Kf7 9. Nc3 c6 10. Nge2 Nd7 11. Nf4 Qe7 12. Nxe6 Qxe6 13. Ne2 Rae8 14. 0-0-0 c5 15. c3 c4 16. Bc2 Rhg8 17. Nf4 Bxf4 18. Qxf4 Rg7 19. Rh2 b5 20. Rdh1 b4 21. hxg6+ hxg6 22. Rh7 Reg8 23. cxb4 Qc6 24. g4 fxg4 25. Qh6 Nf8 26. Rxg7+ Rxg7 27. Qf4 f5 28. Rh8 Nd7 29. Rh6 Nf6 30. Qb8 Qd7 31. Rh8 Rg8 32. Rxg8 Nxg8 33. b5 Ne7 34. Ba4 Qe6 35. Qxa7 f4 36. Qa5 fxe3 37. fxe3 Qxe3+ 38. Qd2 Qe6 39. Bd1 g3 40. Bf3 Nf5 41. a4 Kg7 42. a5 Nh4 43. Bh1 g2 44. Bxg2 Nxg2 45. b6 Ne1 46. b7 Nd3+ 47. Kb1 Qd6 48. a6 Qb8 49. Qa5 Qf4 50. Qb6 Qc1+ 51. Ka2 Qc2 52. Qb5 Nxb2 53. Qxb2 Qa4+ 1/2-1/2

[Event "NZL-ch op 122nd"]
[Site "Auckland"]
[Date "2015.01.09"]
[Round "9"]
[White "Li, William Xiang Wei"]
[Black "Timergazi, Layla"]
[Result "1-0"]
[WhiteElo "1935"]
[BlackElo "1932"]
[PlyCount "63"]
[EventDate "2015.01.01"]
[EventType "swiss"]
[EventRounds "9"]
[EventCountry "NZL"]
[SourceTitle "CBM 164 Extra"]
[Source "ChessBase"]
[SourceDate "2015.03.02"]
[SourceVersion "1"]
[SourceVersionDate "2015.03.02"]
[SourceQuality "1"]

1. d4 d5 2. c4 c6 3. Nc3 Nf6 4. Nf3 e6 5. e3 Nbd7 6. Bd3 dxc4 7. Bxc4 b5 8. Bd3 a6 9. e4 c5 10. d5 exd5 11. e5 Ng4 12. Nxd5 Bb7 13. Be4 Ngxe5 14. Bg5 f6 15. Nxe5 Nxe5 16. Nxf6+ gxf6 17. Bxb7 Qxd1+ 18. Rxd1 Rb8 19. Bxf6 Rg8 20. Bd5 Ng4 21. Bxg8 Nxf6 22. Be6 Rb6 23. Bf5 c4 24. 0-0 b4 25. Rfe1+ Kf7 26. Rc1 Rc6 27. Rxc4 Rc5 28. Rxc5 Bxc5 29. Kf1 h6 30. Re6 a5 31. Ra6 Bd4 32. b3 1-0

[Event "Auckland Interclub-A"]
[Site "Auckland"]
[Date "2014.05.11"]
[Round "1.4"]
[White "Li, William Xiang Wei"]
[Black "Lim, Benjamin U"]
[Result "1-0"]
[WhiteElo "2184"]
[BlackElo "2126"]
[PlyCount "65"]
[EventDate "2014.05.11"]
[EventType "team-tourn"]
[EventRounds "3"]
[EventCountry "NZL"]
[SourceTitle "EXT 2018"]
[Source "ChessBase"]
[SourceDate "2017.10.13"]
[SourceVersion "1"]
[SourceVersionDate "2017.10.13"]
[SourceQuality "1"]
[WhiteTeam "Auckland"]
[BlackTeam "Howick Pakuranga"]
[WhiteTeamCountry "NZL"]
[BlackTeamCountry "NZL"]

1. d4 Nf6 2. Bg5 g6 3. Bxf6 exf6 4. e4 Bg7 5. Nf3 d6 6. Bd3 Nc6 7. c3 d5 8. exd5 Qxd5 9. 0-0 0-0 10. Nbd2 f5 11. Re1 b6 12. a3 Bb7 13. Bc4 Qd8 14. Ba2 h6 15. Nc4 Qf6 16. Nce5 Rad8 17. Nxf7 Rxf7 18. Re6 Kh7 19. Rxf6 Rxf6 20. Qd2 Rfd6 21. Re1 Bc8 22. h4 Bf6 23. Qf4 Kg7 24. Ne5 g5 25. Qf3 g4 26. Qf4 Nxd4 27. cxd4 Rxd4 28. Qg3 Re8 29. f4 Bb7 30. Qb3 Rd5 31. Qc2 Rc5 32. Qxf5 Bxe5 33. Qf7+ 1-0

[Event "NZL-ch 121st"]
[Site "Auckland"]
[Date "2014.01.08"]
[Round "5"]
[White "Hague, Ben"]
[Black "Li, William Xiang Wei"]
[Result "1-0"]
[WhiteElo "2295"]
[BlackElo "1895"]
[PlyCount "69"]
[EventDate "2014.01.04"]
[EventType "swiss"]
[EventRounds "9"]
[EventCountry "NZL"]
[SourceTitle "CBM 158 Extra"]
[Source "ChessBase"]
[SourceDate "2014.02.28"]
[SourceVersion "1"]
[SourceVersionDate "2014.02.28"]
[SourceQuality "1"]

1. e4 c5 2. Nf3 d6 3. Bb5+ Bd7 4. Bxd7+ Qxd7 5. 0-0 Nf6 6. Qe2 Nc6 7. Rd1 g6 8. c3 Qg4 9. d3 c4 10. dxc4 Qxe4 11. Be3 Bh6 12. Nbd2 Qe6 13. Nd4 Nxd4 14. cxd4 Bxe3 15. fxe3 0-0 16. Rf1 d5 17. c5 Qg4 18. Qd3 Nh5 19. Nf3 f6 20. b4 Qd7 21. b5 a6 22. a4 Rfe8 23. Rfc1 axb5 24. axb5 Rxa1 25. Rxa1 e5 26. dxe5 fxe5 27. Qb3 Nf6 28. Rc1 Qe6 29. c6 Rc8 30. Qc3 bxc6 31. bxc6 Ne4 32. Qxe5 Qxe5 33. Nxe5 Kf8 34. Nd7+ Ke7 35. Nb6 1-0

[Event "NZL-ch 121st"]
[Site "Auckland"]
[Date "2014.01.06"]
[Round "3"]
[White "Li, William Xiang Wei"]
[Black "Rains, Edward"]
[Result "1-0"]
[WhiteElo "1895"]
[BlackElo "1984"]
[PlyCount "131"]
[EventDate "2014.01.04"]
[EventType "swiss"]
[EventRounds "9"]
[EventCountry "NZL"]
[SourceTitle "CBM 158 Extra"]
[Source "ChessBase"]
[SourceDate "2014.02.28"]
[SourceVersion "1"]
[SourceVersionDate "2014.02.28"]
[SourceQuality "1"]

1. c4 e5 2. g3 Nc6 3. Nc3 Nf6 4. Bg2 Bb4 5. Nd5 a5 6. Nf3 d6 7. a3 Bc5 8. 0-0 0-0 9. d3 h6 10. b3 Nxd5 11. cxd5 Ne7 12. d4 exd4 13. Nxd4 Nf5 14. Nc2 Re8 15. Bb2 Qg5 16. Kh1 h5 17. e4 Nh6 18. Bd4 Bxd4 19. Nxd4 h4 20. Nf3 Qf6 21. Nxh4 Bg4 22. Qd3 g5 23. Nf3 Qg6 24. Rae1 Re7 25. Nd4 Rae8 26. f3 Bd7 27. Rc1 Bc8 28. Nb5 f5 29. Rxc7 Rxc7 30. Nxc7 Re7 31. Nb5 Rh7 32. Qc3 Bd7 33. Nd4 fxe4 34. fxe4 Ng4 35. h3 Qg7 36. Qd2 Qe5 37. Nf5 Rh5 38. Qd4 Qxd4 39. Nxd4 Ne3 40. Rf3 Nxg2 41. Kxg2 Bxh3+ 42. Kf2 Rh6 43. Nc2 Bg4 44. Rc3 Rh2+ 45. Ke3 Re2+ 46. Kd3 Rg2 47. Kc4 Be2+ 48. Kd4 Ba6 49. Ne1 Rd2+ 50. Nd3 Kf7 51. Ke3 Rg2 52. Kf3 Rd2 53. Ke3 Rg2 54. Kf3 Rd2 55. Nc1 Kf6 56. b4 axb4 57. axb4 Rb2 58. Nb3 Be2+ 59. Ke3 Bd1 60. Na5 Rxb4 61. Rc7 Bc2 62. Rxc2 b6 63. Nc4 Ke7 64. Nd2 b5 65. Rc7+ Kf6 66. Rd7 1-0

[Event "Wch U16"]
[Site "Al Ain"]
[Date "2013.12.22"]
[Round "6"]
[White "Faizrakhmanov, Ramil"]
[Black "Li, William Xiang Wei"]
[Result "1-0"]
[WhiteElo "2357"]
[BlackElo "1846"]
[PlyCount "53"]
[EventDate "2013.12.18"]
[EventType "swiss"]
[EventRounds "11"]
[EventCountry "UAE"]
[SourceTitle "CBM 158 Extra"]
[Source "ChessBase"]
[SourceDate "2014.02.28"]
[SourceVersion "1"]
[SourceVersionDate "2014.02.28"]
[SourceQuality "1"]

1. d4 d5 2. c4 c6 3. Nc3 Nf6 4. e3 e6 5. Nf3 Nbd7 6. Qc2 Bd6 7. Bd3 0-0 8. 0-0 dxc4 9. Bxc4 b5 10. Be2 Bb7 11. e4 e5 12. dxe5 Nxe5 13. Nh4 b4 14. Nf5 bxc3 15. Rd1 Ne8 16. Qxc3 f6 17. Qb3+ Rf7 18. f4 Rb8 19. Nxd6 Nxd6 20. fxe5 Ba6 21. Rxd6 Qxd6 22. exd6 Rxb3 23. Bxa6 Rb4 24. b3 Rd7 25. Bc4+ Kh8 26. Ba3 Rbb7 27. Be6 1-0

[Event "Wch U16"]
[Site "Al Ain"]
[Date "2013.12.21"]
[Round "5"]
[White "Li, William Xiang Wei"]
[Black "Filipets, Egor"]
[Result "1-0"]
[WhiteElo "1846"]
[BlackElo "2112"]
[PlyCount "63"]
[EventDate "2013.12.18"]
[EventType "swiss"]
[EventRounds "11"]
[EventCountry "UAE"]
[SourceTitle "CBM 158 Extra"]
[Source "ChessBase"]
[SourceDate "2014.02.28"]
[SourceVersion "1"]
[SourceVersionDate "2014.02.28"]
[SourceQuality "1"]

1. e4 e6 2. d4 d5 3. exd5 exd5 4. c4 Nf6 5. Nc3 Bb4 6. Nf3 0-0 7. Bd3 Re8+ 8. Be3 Ng4 9. 0-0 Nxe3 10. fxe3 c6 11. Ne5 Qg5 12. Qf3 f6 13. cxd5 Nd7 14. dxc6 Nxe5 15. dxe5 Qxe5 16. cxb7 Bxb7 17. Qxb7 Qxe3+ 18. Kh1 Rab8 19. Qd5+ Kh8 20. Qf5 Qh6 21. Rae1 Bd6 22. h3 Re5 23. Rxe5 Bxe5 24. Ne4 g6 25. Qd7 Bxb2 26. Nxf6 Qh4 27. Qd6 Rc8 28. Nd7 Bg7 29. Ne5 Qa4 30. Nf7+ Kg8 31. Qd5 Qc6 32. Nh6+ 1-0

[Event "Wch U16"]
[Site "Al Ain"]
[Date "2013.12.19"]
[Round "2"]
[White "Lampert, Jonas"]
[Black "Li, William Xiang Wei"]
[Result "1/2-1/2"]
[WhiteElo "2378"]
[BlackElo "1846"]
[PlyCount "71"]
[EventDate "2013.12.18"]
[EventType "swiss"]
[EventRounds "11"]
[EventCountry "UAE"]
[SourceTitle "CBM 158 Extra"]
[Source "ChessBase"]
[SourceDate "2014.02.28"]
[SourceVersion "1"]
[SourceVersionDate "2014.02.28"]
[SourceQuality "1"]

1. d4 d5 2. c4 c6 3. Nf3 Nf6 4. e3 e6 5. Bd3 Nbd7 6. Nbd2 dxc4 7. Nxc4 a6 8. Qc2 c5 9. 0-0 b5 10. Nce5 Bb7 11. Nxd7 Nxd7 12. Be4 Bxe4 13. Qxe4 Be7 14. dxc5 Bxc5 15. Rd1 0-0 16. b4 Bb6 17. Bb2 Nf6 18. Qh4 Qe7 19. Ng5 h6 20. Ne4 Nd5 21. Qxe7 Nxe7 22. Nc3 Nc6 23. Rd6 Rac8 24. a4 Rfd8 25. Rxd8+ Bxd8 26. axb5 axb5 27. Nxb5 Nxb4 28. Rd1 Be7 29. Ba3 Nd5 30. Bxe7 Nxe7 31. g3 Nd5 32. Rd2 g6 33. e4 Nf6 34. f3 g5 35. h3 h5 36. Kf2 1/2-1/2

[Event "George Trundle Qualifiers"]
[Site "Auckland"]
[Date "2013.09.28"]
[Round "1"]
[White "Li, William Xiang Wei"]
[Black "Bennett, Hilton Petrie"]
[Result "1/2-1/2"]
[WhiteElo "1837"]
[BlackElo "1979"]
[PlyCount "26"]
[EventDate "2013.09.28"]
[EventType "tourn"]
[EventRounds "9"]
[EventCountry "NZL"]
[SourceTitle "EXT 2018"]
[Source "ChessBase"]
[SourceDate "2017.10.13"]
[SourceVersion "1"]
[SourceVersionDate "2017.10.13"]
[SourceQuality "1"]

1. e4 d5 2. exd5 Nf6 3. Nc3 Nxd5 4. Nxd5 Qxd5 5. Qf3 Qxf3 6. Nxf3 Nc6 7. Bb5 Bd7 8. a3 a6 9. Ba4 g6 10. d4 Bg7 11. c3 Ne5 12. Bxd7+ Nxd7 13. Bf4 c6 1/2-1/2

[Event "Auckland North Shore op 40th"]
[Site "Auckland"]
[Date "2013.09.14"]
[Round "3"]
[White "Li, William Xiang Wei"]
[Black "Timergazi, Layla"]
[Result "1/2-1/2"]
[WhiteElo "1837"]
[BlackElo "1830"]
[PlyCount "88"]
[EventDate "2013.09.14"]
[EventType "swiss"]
[EventRounds "5"]
[EventCountry "NZL"]
[SourceTitle "CBM 156 Extra"]
[Source "ChessBase"]
[SourceDate "2013.10.22"]
[SourceVersion "1"]
[SourceVersionDate "2013.10.22"]
[SourceQuality "1"]

1. e4 c6 2. c4 d5 3. exd5 cxd5 4. d4 Nf6 5. Nc3 Nc6 6. Nf3 g6 7. Bd3 Bg4 8. Be3 Bg7 9. h3 Bxf3 10. Qxf3 dxc4 11. Bxc4 Nxd4 12. Bxd4 Qxd4 13. Bb5+ Kf8 14. 0-0 Qb6 15. Rfe1 Bh6 16. Re2 a6 17. Ba4 Rc8 18. Rae1 Rc7 19. g4 Qd4 20. Bb3 Qf4 21. Qg2 Bg5 22. Re3 e6 23. Rf3 Qd2 24. Rd1 Qxb2 25. Qg3 Rxc3 26. Rxc3 Ne4 27. Rc2 Qf6 28. Qd3 Qf4 29. Re2 Nf6 30. Qc2 Nxg4 31. Qc5+ Kg8 32. Qc8+ Kg7 33. Qc3+ Nf6 34. Qg3 Rc8 35. Qxf4 Bxf4 36. Kg2 Bh6 37. Rd4 Nh5 38. Re1 Nf4+ 39. Kg3 Rc3+ 40. f3 Nh5+ 41. Kf2 Nf4 42. Kg3 Nh5+ 43. Kf2 Nf4 44. Kg3 Nh5+ 1/2-1/2

[Event "NZL-ch 120th"]
[Site "Wellington"]
[Date "2013.01.10"]
[Round "11"]
[White "Li, William Xiang Wei"]
[Black "Wastney, Scott C"]
[Result "1-0"]
[WhiteElo "1801"]
[BlackElo "2313"]
[PlyCount "62"]
[EventDate "2012.12.31"]
[EventType "swiss"]
[EventRounds "11"]
[EventCountry "NZL"]
[SourceTitle "CBM 152 Extra"]
[Source "ChessBase"]
[SourceDate "2013.02.25"]
[SourceVersion "1"]
[SourceVersionDate "2013.02.25"]
[SourceQuality "1"]

1. e4 e5 2. Nf3 Nc6 3. Bb5 Nf6 4. d3 Bc5 5. Bxc6 dxc6 6. b3 Qe7 7. Bb2 Nd7 8. Nc3 0-0 9. 0-0 Re8 10. Ne2 f6 11. Ng3 Nf8 12. c3 Be6 13. Qc2 Ng6 14. h3 Rad8 15. Rad1 Qf8 16. d4 Bd6 17. dxe5 fxe5 18. Nh2 Bc5 19. Rd3 Rxd3 20. Qxd3 Rd8 21. Qf3 Rd2 22. Qxf8+ Kxf8 23. Ba1 Rxa2 24. c4 b5 25. Ng4 bxc4 26. bxc4 Bxg4 27. hxg4 Rc2 28. g5 Rxc4 29. Kh1 Rc2 30. f3 Be3 31. Rd1 Rc1 1-0

[Event "NZL-ch 120th"]
[Site "Wellington"]
[Date "2013.01.05"]
[Round "6"]
[White "Li, William Xiang Wei"]
[Black "Nyberg, Michael"]
[Result "1/2-1/2"]
[WhiteElo "1801"]
[BlackElo "1964"]
[PlyCount "98"]
[EventDate "2012.12.31"]
[EventType "swiss"]
[EventRounds "11"]
[EventCountry "NZL"]
[SourceTitle "CBM 152 Extra"]
[Source "ChessBase"]
[SourceDate "2013.02.25"]
[SourceVersion "1"]
[SourceVersionDate "2013.02.25"]
[SourceQuality "1"]

1. c4 Nf6 2. g3 e6 3. Bg2 c5 4. Nf3 Nc6 5. 0-0 Be7 6. e3 0-0 7. b3 Rb8 8. Nc3 a6 9. Qe2 d5 10. Rd1 d4 11. exd4 cxd4 12. Ne4 d3 13. Qe1 Nb4 14. Nxf6+ Bxf6 15. Rb1 b5 16. Qf1 Nc2 17. cxb5 Rxb5 18. Ne1 Nxe1 19. Rxe1 Bb7 20. Bxb7 Rxb7 21. Re3 Rd7 22. b4 Bd4 23. Re1 Qb6 24. a3 Qc6 25. Bb2 Qc2 26. Bxd4 Rxd4 27. Re3 Rfd8 28. Qe1 Rc8 29. f4 g6 30. Qd1 Qxd1+ 31. Rxd1 Rc2 32. Kf2 Ra2 33. Ke1 Rxa3 34. Rb1 Rd5 35. Re5 Rxe5+ 36. fxe5 g5 37. Kf2 Kg7 38. Ke3 Kg6 39. g4 h5 40. h3 f5 41. exf6 Kxf6 42. Ke4 Ke7 43. Ke3 Kf6 44. Ke4 Kf7 45. Ke3 Kf6 46. Ke4 Ke7 47. Ke3 Kd7 48. b5 Ra5 49. bxa6 Rxa6 1/2-1/2

[Event "Auckland Morrison Memorial"]
[Site "Auckland"]
[Date "2012.10.21"]
[Round "4"]
[White "Li, William Xiang Wei"]
[Black "Bennett, Hilton Petrie"]
[Result "1/2-1/2"]
[WhiteElo "1787"]
[BlackElo "1959"]
[PlyCount "109"]
[EventDate "2012.10.19"]
[EventType "swiss"]
[EventRounds "6"]
[EventCountry "NZL"]
[SourceTitle "EXT 2018"]
[Source "ChessBase"]
[SourceDate "2017.10.13"]
[SourceVersion "1"]
[SourceVersionDate "2017.10.13"]
[SourceQuality "1"]

1. e4 g6 2. d4 Bg7 3. Nc3 d6 4. Be3 a6 5. Qd2 b5 6. h4 h5 7. f3 Nd7 8. 0-0-0 Bb7 9. Nh3 Rc8 10. Ng5 c5 11. f4 Qc7 12. d5 b4 13. Nb1 Nb6 14. b3 Nh6 15. Be2 Qd7 16. Rdf1 Ng4 17. Bxg4 hxg4 18. f5 gxf5 19. Rxf5 Bf6 20. Qe2 Nxd5 21. Rxd5 Bxd5 22. exd5 c4 23. Ne4 Be5 24. Bg5 cxb3 25. axb3 a5 26. Rf1 f5 27. Ned2 0-0 28. Nc4 Qc7 29. Nbd2 Rf7 30. Qd3 Rcf8 31. Bh6 Bg7 32. Bxg7 Kxg7 33. Qd4+ Kg8 34. Qf4 Qc5 35. Ne3 Qc3 36. Qg5+ Rg7 37. Qh6 Qa1+ 38. Nb1 Qe5 39. Qf4 Qf6 40. Nxf5 Kh7 41. Qe4 Qg6 42. h5 Qg5+ 43. Nd2 Kh8 44. Kd1 Rgf7 45. Ng3 Rxf1+ 46. Ndxf1 Rf4 47. Qd3 Qf6 48. Ke1 Qe5+ 49. Qe3 Qa1+ 50. Ke2 Qf6 51. Nd2 Qf7 52. Nc4 a4 53. Nxd6 exd6 54. bxa4 Rc4 55. Qh6+ 1/2-1/2

[Event "North Shore op-A 38th"]
[Site "North Shore"]
[Date "2012.09.22"]
[Round "2"]
[White "Yao, Winston Yow Jen"]
[Black "Li, William Xiang Wei"]
[Result "1/2-1/2"]
[WhiteElo "1772"]
[BlackElo "1764"]
[PlyCount "128"]
[EventDate "2012.09.22"]
[EventType "swiss"]
[EventRounds "5"]
[EventCountry "NZL"]
[SourceTitle "EXT 2018"]
[Source "ChessBase"]
[SourceDate "2017.10.13"]
[SourceVersion "1"]
[SourceVersionDate "2017.10.13"]
[SourceQuality "1"]

1. e4 c5 2. Nc3 d6 3. f4 Nf6 4. Nf3 Nc6 5. Bb5 e6 6. 0-0 Bd7 7. d3 Be7 8. Qe1 a6 9. Bxc6 Bxc6 10. Qg3 0-0 11. f5 b5 12. Bh6 Ne8 13. Ng5 e5 14. Nh3 Kh8 15. Bg5 b4 16. Ne2 Rc8 17. Bxe7 Qxe7 18. Qg5 Qxg5 19. Nxg5 Nf6 20. Nf3 c4 21. Rfd1 cxd3 22. cxd3 Bb5 23. Rd2 Rc7 24. Rc1 Rxc1+ 25. Nxc1 Rc8 26. Ne2 a5 27. b3 h6 28. h3 Kg8 29. Kf2 Kf8 30. Ke3 Ke7 31. Rd1 Rc2 32. Rd2 Rc7 33. Rd1 Rc2 34. Rd2 Rc5 35. d4 exd4+ 36. Nfxd4 Bxe2 37. Nxe2 Re5 38. Ng3 Nxe4 39. Nxe4 d5 40. Rd4 dxe4 41. Rxe4 Kf6 42. g4 Rc5 43. Rc4 Rxc4 44. bxc4 Ke5 45. Kd3 a4 46. h4 f6 47. h5 a3 48. c5 Kd5 49. c6 b3 50. c7 bxa2 51. c8Q a1Q 52. Qe6+ Kc5 53. Qc4+ Kd6 54. Qe6+ Kc5 55. Qc4+ Kb6 56. Qb4+ Kc7 57. Qc5+ Kb7 58. Qb5+ Ka7 59. Qa5+ Kb7 60. Qb5+ Kc7 61. Qc5+ Kd7 62. Qd5+ Ke7 63. Qe6+ Kf8 64. Qc8+ Kf7 1/2-1/2

[Event "Queenstown op"]
[Site "Queenstown"]
[Date "2012.01.21"]
[Round "7"]
[White "Davis, Justin"]
[Black "Li, William Xiang Wei"]
[Result "0-1"]
[WhiteElo "1985"]
[BlackElo "1672"]
[PlyCount "64"]
[EventDate "2012.01.15"]
[EventType "swiss"]
[EventRounds "9"]
[EventCountry "NZL"]
[SourceTitle "CBM 146 Extra"]
[Source "ChessBase"]
[SourceDate "2012.02.29"]
[SourceVersion "1"]
[SourceVersionDate "2012.02.29"]
[SourceQuality "1"]

1. d4 d5 2. c4 c6 3. Nf3 Nf6 4. e3 e6 5. Nbd2 Nbd7 6. b3 Bd6 7. Bd3 0-0 8. Bb2 b6 9. Ne5 Qc7 10. f4 Bb7 11. g4 dxc4 12. Ndxc4 Bb4+ 13. Kf1 b5 14. Nxd7 Nd5 15. Nxf8 bxc4 16. Bxh7+ Kxf8 17. Qc1 c5 18. bxc4 Nxe3+ 19. Qxe3 Bxh1 20. Be4 cxd4 21. Qxd4 Qxf4+ 22. Kg1 e5 23. Bxh1 exd4 24. Bxa8 d3 25. Rf1 Bc5+ 26. Kg2 Qd2+ 27. Kh3 Qxb2 28. Bd5 f6 29. g5 Bd6 30. Kg4 Qd4+ 31. Kh5 d2 32. gxf6 d1Q+ 0-1